000 00889nam a22002777a 4500
999 _c1236
_d1236
001 004409
003 CoMeUDC004409
005 20190205230736.0
008 130821s2006 ck gr spa
020 _a9586909387
040 _aCo-BoUCM
_bspa
_cCoMeUDC
041 0 0 _aspa
082 0 4 _a343.09
_220
_bR654c
245 0 0 _aCódigo Nacional de Tránsito Terrestre -Ley 769 de 2002- Anotado /
250 _a17a. ed.
260 _aBogotá (Colombia) :
_bLeyer,
_c2006.
500 _aIncluye índice.
630 _aDecreto 1676 de 2005
_95496
630 _aDecreto 3525 de 2005
_95932
630 _aLey 769 de 2002
_96901
630 _aLey 962 de 2005
_96994
650 0 4 _aTránsito
_xLegislación
_zColombia
_98177
650 0 4 _aTransporte terrestre
_xLegislación
_zColombia
_925706
700 1 _aDuarte Murillo, Diego
942 _cBK
_a8
_e1
_mC718c
_2ddc
_h343.093861